000 00709nam a2200265Ia 4500
005 20260121170356.0
008 008 260114s9999 xx 000 0 eng d
020 _a9783319705392
037 _aEBOOK
040 _aCRL
040 _beng
040 _cCRL
041 _2eng
041 _aeng
084 _qCRL
100 _aAlexandros Maragakis, William T. O'Donohue
_91063129
245 0 _aPrinciple-Based Stepped Care and Brief Psychotherapy for Integrated Care Settings
260 _bSpringer
260 _bSpringer
260 _c2018
856 _uhttps://link.springer.com/openurl?genre=book&isbn=978-3-319-70539-2
942 _cEBOOK
999 _c1628858
_d1628858